Obras filosóficas, ii: disputaciones tusculanas (libros i-v) / introd., notas y trad. de alberto medina gonzález

Guardado en:
Autor Principal: Cicerón, Marco Tulio
Otros Autores: Medina González, Alberto, introd., notas y trad.
Formato: Libro
Publicado: Barcelona : Rba Coleccionables Gredos, 2009
Materias:
Etiquetas: Agregar Etiqueta
Sin Etiquetas, Sea el primero en etiquetar este registro!
LEADER 00721nam a22001935a 4500
001 EHU.bham044451
003 AR-BHAM
005 20161123135927.0
008 130507s2009##################000#0#####d
020 |a 9788447365630 
082 8 7 |a 875 
100 1 |a Cicerón, Marco Tulio 
245 1 0 |a Obras filosóficas, ii: disputaciones tusculanas (libros i-v) /  |b introd., notas y trad. de alberto medina gonzález  |c  Marco Tulio Cicerón : 
260 |a Barcelona :  |b Rba Coleccionables Gredos,  |c 2009 
300 |a 348 p. 
653 |a Literatura filosófica latina 
653 |a Filosofía latina 
700 1 |a Medina González, Alberto, introd., notas y trad. 
859 |a AR-BHAM  |b BIB. HUMANIDADES - General  |h 875  |i C485-59  |p 702.16  |t Ej.1  |v II  |3 II